LIBRARY & INFORMATION CENTRE, KCAET, TAVANUR

ONLINE PUBLIC ACCESS CATALOGUE (OPAC)

Food and Beverage Service: A Training Manual (Record no. 14162)

MARC details
000 -LEADER
fixed length control field 00355nam a22001457a 4500
020 ## - INTERNATIONAL STANDARD BOOK NUMBER
ISBN 9780070655690
082 ## - DEWEY DECIMAL CLASSIFICATION NUMBER
Classification number 663
Item number SUD/FO
100 ## - MAIN ENTRY--AUTHOR NAME
Personal name Sudhir Andrews
245 ## - TITLE STATEMENT
Title Food and Beverage Service: A Training Manual
250 ## - EDITION STATEMENT
Edition statement 2
260 ## - PUBLICATION, DISTRIBUTION, ETC. (IMPRINT)
Place of publication New Delhi
Name of publisher Tata McGraw Hill
Year of publication 2011
300 ## - PHYSICAL DESCRIPTION
Number of Pages 392
650 ## - SUBJECT ADDED ENTRY--TOPICAL TERM
Topical Term Food Science
942 ## - ADDED ENTRY ELEMENTS (KOHA)
Koha item type Books

No items available.

free website counter